Poesia als parcs : la remor dels verds la remor dels verds
Publicado:
Barcelona :
Diputació de Barcelona. Àrea de Sostenibilitat : Institució de les Lletres Catalanes ,
2013
Descripción Física:
[6] p. : il. col. ; 21 cm
Colección:
Activitats culturals
Materias:
Parcs naturals -- Activitats culturals
MARC
| LEADER | 00000nam a2200000Ia 4500 | ||
|---|---|---|---|
| 001 | 23898 | ||
| 003 | BGR | ||
| 005 | 20260324180622.0 | ||
| 008 | 160829s2013 xx 000 0 cat d | ||
| 080 | |a FU-62-69 | ||
| 245 | |a Poesia als parcs : |b la remor dels verds | ||
| 260 | |a Barcelona : |b Diputació de Barcelona. Àrea de Sostenibilitat : |b Institució de les Lletres Catalanes, |c 2013 | ||
| 300 | |a [6] p. : |b il. col. ; |c 21 cm | ||
| 490 | |a Activitats culturals | ||
| 650 | |a Parcs naturals |x Activitats culturals |9 50219 | ||
| 710 | 2 | |a Institució de les Lletres Catalanes |9 52977 | |
| 710 | 1 | |a Barcelona (Catalunya : Província). |b Diputació |9 52408 | |
| 901 | |a Arxiu | ||
| 942 | |n 1 |2 udc |c MON | ||
| 952 | |0 0 |1 0 |4 0 |7 1 |9 55929 |a Arxiu |b Arxiu |d 2023-04-18 |h 2013 |o FU-62-69 |p 23898 |r 2016-12-01 00:00:00 |w 2016-12-01 |y ARXIU | ||
| 999 | |c 59802 |d 59802 | ||